000 00249nam a2200109Ia 4500
008 220204s9999 xx 000 0 und d
082 _a032
_bKOT
245 0 _aState and nation building
260 _aBombay
_bAllied
_c1976
700 _aR
942 _cBK
999 _c27696
_d27696